"Sea Peoples" up-to-date : new research on transformations in the Eastern Mediterranean in the 13th-11th centuries BCE : proceedings of the ESF-Workshop held at the Austrian Academy of Sciences, Vienna, 3-4 November 2014 /

Saved in:

Corporate Author: European Science Foundation. Workshop

Other Authors: Fischer, Peter M., Bürge, Teresa.

Format: Book

Language: English

Published: Wien : Verlag der Osterreichischen Akademie der Wissenschaften, [2017].

Series: Contributions to the chronology of the Eastern Mediterranean ; 35.
Denkschriften der Gesamtakademie ; 81.

Subjects:

Tags: Add Tag

No Tags, Be the first to tag this record!

Call Number: DS111 .C7 v.35

LEADER 01409namaa2200325 4500
003 OSt
005 20260505120258.0
008 130303t20172017au ab b 100 0 eng d
020 |a 9783700179634 
040 |c ARCE Library 
043 |a mm-----  |a aw----- 
050 4 |a DS111 .C7 v.35 
245 0 0 |a "Sea Peoples" up-to-date :  |b new research on transformations in the Eastern Mediterranean in the 13th-11th centuries BCE : proceedings of the ESF-Workshop held at the Austrian Academy of Sciences, Vienna, 3-4 November 2014 /  |c Peter M. Fischer and Teresa Bürge (eds.) 
264 1 |a Wien :  |b Verlag der Osterreichischen Akademie der Wissenschaften,  |c [2017]. 
264 4 |c ©2017. 
300 |a 412 pages :  |b illustrations (partly color), maps ;  |c 31 cm. 
490 1 |a Contributions to the chronology of the Eastern Mediterranean ;   |v 35. 
490 1 |a Denkschriften der Gesamtakademie ;  |v 81. 
504 |a Includes bibliographical references. 
650 0 |a Sea Peoples. 
651 0 |a Mediterranean Region  |x Antiquities. 
651 0 |a Middle East  |x Antiquities. 
700 1 |a Fischer, Peter M. 
700 1 |a Bürge, Teresa.  |9 27526 
710 2 |a European Science Foundation.   |b Workshop   |d (2014 :   |c Vienna, Austria) 
830 0 |a Contributions to the chronology of the Eastern Mediterranean ;   |v 35. 
830 0 |a Denkschriften der Gesamtakademie ;  |v 81. 
901 |a reviewed 
942 |c BK  |2 lcc 
999 |c 7308  |d 7308